书目信息 |
| 题名: |
全国农村住宅设计竞赛优秀方案图集
|
|
| 作者: | ;建设部乡村建设局 编 | |
| 分册: | ||
| 出版信息: | 北京 中国建筑工业出版社 1986 |
|
| 页数: | 134页 | |
| 开本: | 21×31cm | |
| 丛书名: | ||
| 单 册: | ||
| 中图分类: | TU241.4 , TU241.4-64 | |
| 科图分类: | ||
| 主题词: | 农村--住宅--建筑设计--中国--图集 | |
| 电子资源: | ||
| ISBN: | 978-7-112-00213-9 | |
| 000 | 00840nam0 2200253 450 | |
| 001 | 0199921016 | |
| 005 | 20100713055150.0 | |
| 010 | @a978-7-112-00213-9@dCNY13.65 | |
| 091 | @a15040.5125 | |
| 100 | @a20030319e19881986em y0chiy0110 ea | |
| 101 | 0 | @achi |
| 102 | @aCN@b110000 | |
| 105 | @aa z 000yy | |
| 106 | @ar | |
| 200 | 1 | @a全国农村住宅设计竞赛优秀方案图集@9Quan Guo Nong Cun Zhu Zhai She Ji Jing Sai You Xiu Fang An Tu Ji @f建设部乡村建设局编 |
| 210 | @a北京@c中国建筑工业出版社@d1986@h1988重印 | |
| 215 | @a134页@d21×31cm | |
| 300 | @a1991年荣获首届全国星火计划丛书优秀图书奖 | |
| 606 | 0 | @a农村@x住宅@x建筑设计@y中国@j图集 |
| 690 | @aTU241.4@v4 | |
| 690 | @aTU241.4-64@v4 | |
| 711 | 02 | @a建设部乡村建设局@9jian she bu xiang cun jian she ju@4编 |
| 801 | 0 | @aCN@b91MARC@c20130904 |
| 905 | @aBZT@dTU241.4@e9@f1@sTU241.4/9 | |
| 全国农村住宅设计竞赛优秀方案图集/建设部乡村建设局编.-北京:中国建筑工业出版社,1986(1988重印) |
| 134页;21×31cm |
| 1991年荣获首届全国星火计划丛书优秀图书奖 |
| ISBN 978-7-112-00213-9:CNY13.65 |
| ● |
| 相关链接 |
|
|
|
正题名:全国农村住宅设计竞赛优秀方案图集
索取号:TU241.4/9
 
预约/预借
| 序号 | 登录号 | 条形码 | 馆藏地/架位号 | 状态 | 备注 |
| 1 | 2000110639 | 2000110639 | 旧书回溯/ [索取号:TU241.4/9] | 在馆 |